00831nam a22002417a 450000500170000001000150001702000260003203500130005803700130007108200140008410000220009824500860012025000110020626000300021727000680024730000350031550000190035065000210036970000270039094200280041799900170044595201270046220140826145716.0 aENG-110602 a9788120350007c495.00 aEN-94134 bDBAD/PUB a621.38152 aStreetman, Ben G. aSolid state electronic devices /cby Ben G. Streetman [and] Sanjay Kumar Banerjee a7th ed aDelhibPHI Learningc2014 aRimjhim House, 111, Patparganj Industrial EstatebDelhie110092 axviii,596p. :c25cm(pbk)bill. aIncludes index a Semiconductors. aBanerjee, Sanjay Kumar 2ddccENmSTRh621.38152 c87596d87596 001040718NFICaDBADbDBADd2014-08-05eDBAD/PUBg495.00l0o621.38152 STRpEN-94134r2014-08-05 00:00:00t1v495.00yEN